Oiseaux de fiction - Statistiques

Statistiques générales
  • Ce quiz a été pris 20 fois
  • Le résultat moyen est 16 sur 50
Statistiques - réponses
Oiseau de fiction Univers % Correct
Hedwige Harry Potter
95%
Roucoups Pokémon
84%
Zazu Le Roi Lion
68%
Blu Rio
68%
Maître Grue Kung Fu Panda
63%
Pingu Pingu
63%
Hei Hei Vaiana
63%
Iago Aladdin
58%
Eurêka La Petite Sirène
58%
Archimède Merlin l'Enchanteur
58%
Woody Woodpecker Woody Woodpecker
53%
Chanteclairix Astérix
47%
Orville Bernard et Bianca
47%
Geai moqueur Hunger Games
47%
Kowalski Madagascar
47%
Daisy Duck Picsou
47%
Maître Hibou Winnie l'Ourson
47%
Kaloo One Piece
42%
Bip-Bip Looney Tunes
37%
Flit Pocahontas
37%
Big Mama Rox et Rouky
37%
Red Angry Birds
32%
(L')Amiral Le Monde de Nemo
32%
Ginger Chicken Run
26%
Amélia Jacasse Les Aristochats
26%
Galinette cendrée Les Chasseurs
26%
Thorondor Le Seigneur des Anneaux
26%
Picchu Les Mystérieuses Cités d'Or
26%
Porg Star Wars
26%
Kaepora Gaebora The Legend of Zelda
26%
Robusto Animal Crossing
21%
Kazooie Banjo & Kazooie
21%
Falco StarFox
21%
Mumble Happy Feet
16%
Chantecler Le Roman de Renart
16%
Jet The Hawk Sonic The Hedgehog
16%
Soren Les Gardiens de Ga'Hoole
11%
Gaby/Superrancunier Les Minijusticiers
11%
Ramia Dragon Quest
5%
Jim Dandy Dumbo
5%
Pico Encanto
5%
Boko Final Fantasy
5%
Chica Five Nights at Freddy's
5%
Sam Eagle The Muppets
5%
Grand Aigle Yakari
5%
Zhuque L'Oiseau Vermillon Inazuma Eleven
0%
Pet Shop Jojo's Bizarre Adventure
0%
Tux Linux
0%
Mack Migration
0%
Big Bird Sesame Street
0%
Aucun quiz correspondant
Distribution des résultats
% des personnes avec chaque résultat
Percentile par nombre de réponses
Votre historique - résultats
Vous n’avez pas pris ce quiz